000 00957nam a2200277 a 4500
001 10001
003 BD-RjUL
005 20211208234857.0
008 161206s1960 ne a b 000 0 eng c
035 _a(BD-RjUL)10048
_aOCLC ocm00611237 from D970821M
040 _aDLC/ICU
_cCGU
_dOCL
_dUKM
_dEQO
_dBD-RjUL
_beng
041 1 _aengger
082 0 0 _a543.22
_bFES 1960
_223
100 1 _aFeigl, Fritz,
_d1891-1971.
_930881
245 1 0 _aSpot tests in organic analysis /
_cTranslated by Ralph E. Oesper.
250 _a6th, enl. and rev. English ed.
260 _aAmsterdam ;
_aNew York :
_bElsevier Pub. Co.,
_c1960.
300 _axx,675 p. :
_bill. ;
_c23 cm.
504 _aIncludes index.
650 0 _aSpot tests Analytic (Chemistry)
_xQualitative.
_929273
650 0 _aChemistry, Analytic
_930882
650 0 _aChemistry, Organic.
_928406
942 _2ddc
_cBK
999 _c10001
_d10001